000
00243nmm a2200097Ia 4500
008
220120s9999||||xx |||||||||||||||||und||
020
_a
978-0-07-060092-8
100
_a
EFY
245
0
_a
Embedded for you digital editor
260
_a
EFY
_b
New Delhi
999
_c
139998
_d
139998